00654nam a2200205 a 450000100060000000300080000600500170001400800410003103500190007204000350009104100110012608200250013710000330016224501190019526000350031430000250034965000150037465000160038970000430040533284BD-RjUL20211209051959.0140507s1953 enk 000 0 eng d a(BD-RjUL)33375 aXNTUbengcXNTUdVUCAdBD-RjUL1 aengfre04a301.01219bDUS 19531 aDurkheim, Emile,d1858-1917.10aSociology and philosophy /cby Emile Durkheim ; translated by D.F. Pocock with an introduction by J.G. Peristiany. aLondon :bCohen & West,c1953. axli, 97 p. ;c22 cm. 0aSociology. 0aPhilosophy.1 aPocock, D. F.q(David Francis),d1928-